| 000 | 00361nam a2200145Ia 4500 | ||
|---|---|---|---|
| 008 | 230917s9999||||xx |||||||||||||| ||und|| | ||
| 040 |
_e115462 _aMAIN |
||
| 041 | _aEnglish | ||
| 082 | _a512.5 H226V | ||
| 100 | _aHari Kishan | ||
| 245 | 0 | _aVector alglbra and calculus | |
| 260 |
_aNew Delhi _bAtlantic Publishers _c2007 |
||
| 300 | _av, 430 p. | ||
| 942 | _cBK | ||
| 999 |
_c142210 _d142210 |
||